Rivers of the World - Sudden Death - Statistics

General Stats
  • This quiz has been taken 76 times
  • The average score is 6 of 17
Answers on the Grid
Answers color-coded by a green-red scale on the quiz's grid according to % correct below.
Indus
Amur
Godavari
Baikal
Bosphorus
Dneiper
Amazon
Titicaca
Cameroon
Lusaka
Yenisey
Kerinci
Irrawaddy
Taal
Tocantins
Brahmaputra
Aldan
Euphrates
Aoraki
Rainier
Bandama
Helmand
Campaspe
Hillier
Rottnest
Lužnice
Karri
Boyard
Flumendosa
Artibonite
 
Answer Stats
Answer % Correct
Amazon
89%
Indus
89%
Euphrates
82%
Dneiper
66%
Amur
57%
Yenisey
51%
Irrawaddy
49%
Brahmaputra
46%
Godavari
31%
Tocantins
25%
Helmand
16%
Lužnice
15%
Flumendosa
13%
Bandama
7%
Aldan
5%
Artibonite
3%
Campaspe
3%
No matching quizzes found
Score Distribution
Percent of People with Each Score
Percentile by Number Answered
Your Score History
You have not taken this quiz